[Event "WCO2014"]
[Site "Tromso"]
[Date "2014.08.05"]
[Round "4.40"]
[WhiteID "12200085"]
[White "Nadir Samir"]
[BlackID "12500739"]
[Black "Ghaem Maghami Ehsan"]
[Result "0-1"]
[LiveChessVersion "1.4.3"]
[BlackElo "2594"]
[WhiteElo "2141"]

1. d4 {[%clk 1:30:46]} Nf6 {[%clk 1:30:43]} 2. Nf3 {[%clk 1:30:49]} d5
{[%clk 1:27:48]} 3. Bf4 {[%clk 1:30:04]} g6 {[%clk 1:27:17]} 4. e3
{[%clk 1:29:47]} Bg7 {[%clk 1:27:32]} 5. h3 {[%clk 1:28:37]} O-O {[%clk 1:27:42]}
6. Nbd2 {[%clk 1:28:05]} c5 {[%clk 1:24:52]} 7. c3 {[%clk 1:27:13]} Nc6
{[%clk 1:23:59]} 8. Be2 {[%clk 1:23:38]} b6 {[%clk 1:14:39]} 9. O-O
{[%clk 1:21:01]} Bb7 {[%clk 1:13:22]} 10. a4 {[%clk 1:15:56]} Nd7
{[%clk 1:07:49]} 11. Qb3 {[%clk 1:11:19]} Re8 {[%clk 1:01:19]} 12. Rfd1
{[%clk 1:07:57]} e6 {[%clk 1:01:16]} 13. Bd6 {[%clk 0:50:51]} Rc8
{[%clk 0:48:43]} 14. Qa3 {[%clk 0:33:38]} e5 {[%clk 0:39:22]} 15. dxc5
{[%clk 0:29:49]} e4 {[%clk 0:37:56]} 16. Nd4 {[%clk 0:25:29]} bxc5
{[%clk 0:29:22]} 17. N4b3 {[%clk 0:24:00]} c4 {[%clk 0:23:03]} 18. Nc5
{[%clk 0:22:57]} Nxc5 {[%clk 0:20:26]} 19. Bxc5 {[%clk 0:23:17]} Qg5
{[%clk 0:18:38]} 20. b4 {[%clk 0:19:05]} Ra8 {[%clk 0:14:57]} 21. b5
{[%clk 0:18:02]} Ne5 {[%clk 0:15:20]} 22. f4 {[%clk 0:11:35]} exf3
{[%clk 0:15:22]} 23. Nxf3 {[%clk 0:12:03]} Qg3 {[%clk 0:15:25]} 24. Nxe5
{[%clk 0:09:07]} Bxe5 {[%clk 0:10:22]} 25. Bf3 {[%clk 0:09:07]} d4
{[%clk 0:01:57]} 26. Bxb7 {[%clk 0:06:49]} Qxe3+ {[%clk 0:02:26]} 27. Kf1
{[%clk 0:05:07]} Bh2 {[%clk 0:02:48]} 0-1

[Event "WCO2014"]
[Site "Tromso"]
[Date "2014.08.05"]
[Round "4.39"]
[WhiteID "12501255"]
[White "Moradiabadi Elshan"]
[BlackID "12200590"]
[Black "Ahmed Abuzied"]
[Result "1-0"]
[LiveChessVersion "1.4.3"]
[BlackElo "2154"]
[WhiteElo "2598"]

1. d4 {[%clk 1:30:58]} g6 {[%clk 1:30:53]} 2. c4 {[%clk 1:31:24]} Bg7
{[%clk 1:31:19]} 3. Nc3 {[%clk 1:31:49]} c5 {[%clk 1:31:42]} 4. d5
{[%clk 1:32:12]} d6 {[%clk 1:31:26]} 5. e4 {[%clk 1:30:55]} e6 {[%clk 1:29:18]}
6. Bf4 {[%clk 1:29:49]} e5 {[%clk 1:28:27]} 7. Be3 {[%clk 1:30:12]} Ne7
{[%clk 1:28:22]} 8. h4 {[%clk 1:28:47]} h5 {[%clk 1:28:30]} 9. Be2
{[%clk 1:28:24]} Nd7 {[%clk 1:28:36]} 10. Nh3 {[%clk 1:27:46]} Nf6
{[%clk 1:28:31]} 11. f3 {[%clk 1:26:10]} a6 {[%clk 1:28:10]} 12. Qd2
{[%clk 1:25:43]} Rb8 {[%clk 1:28:05]} 13. Nf2 {[%clk 1:25:01]} Qa5
{[%clk 1:24:47]} 14. O-O {[%clk 1:18:48]} O-O {[%clk 1:22:55]} 15. a3
{[%clk 1:18:48]} Qd8 {[%clk 1:22:25]} 16. b4 {[%clk 1:18:52]} b6 {[%clk 1:22:37]}
17. Rab1 {[%clk 1:16:25]} Bd7 {[%clk 1:17:44]} 18. Rb2 {[%clk 1:14:45]} Qc7
{[%clk 1:14:01]} 19. Nd3 {[%clk 1:10:53]} Nh7 {[%clk 1:14:03]} 20. Rfb1
{[%clk 1:10:53]} f5 {[%clk 1:13:39]} 21. bxc5 {[%clk 1:07:13]} bxc5
{[%clk 1:12:47]} 22. Nxc5 {[%clk 1:06:16]} Rxb2 {[%clk 1:12:31]} 23. Rxb2
{[%clk 1:06:39]} dxc5 {[%clk 1:11:51]} 24. d6 {[%clk 1:07:03]} Qd8
{[%clk 1:12:18]} 25. dxe7 {[%clk 1:07:25]} Qxe7 {[%clk 1:12:30]} 26. Rb7
{[%clk 1:07:44]} Rd8 {[%clk 1:12:28]} 27. Nd5 {[%clk 0:59:57]} Qxh4
{[%clk 1:10:25]} 28. Bf2 {[%clk 0:58:54]} 1-0

[Event "WCO2014"]
[Site "Tromso"]
[Date "2014.08.05"]
[Round "4.38"]
[WhiteID "12200328"]
[White "Ahmed Holi Ali Moawia"]
[BlackID "12503592"]
[Black "Toufighi Homayoon"]
[Result "0-1"]
[LiveChessVersion "1.4.3"]
[BlackElo "2424"]
[WhiteElo "2067"]

1. Nf3 {[%clk 1:30:55]} e6 {[%clk 1:30:48]} 2. g3 {[%clk 1:31:07]} Nf6
{[%clk 1:31:10]} 3. Bg2 {[%clk 1:31:31]} Be7 {[%clk 1:31:36]} 4. c4
{[%clk 1:31:43]} O-O {[%clk 1:32:01]} 5. O-O {[%clk 1:32:06]} d5 {[%clk 1:32:27]}
6. cxd5 {[%clk 1:32:15]} exd5 {[%clk 1:32:26]} 7. d4 {[%clk 1:32:32]} Bf5
{[%clk 1:29:55]} 8. Nc3 {[%clk 1:32:36]} c6 {[%clk 1:28:48]} 9. Re1
{[%clk 1:31:51]} Nbd7 {[%clk 1:28:45]} 10. Bg5 {[%clk 1:30:34]} h6
{[%clk 1:29:08]} 11. Bxf6 {[%clk 1:30:25]} Nxf6 {[%clk 1:24:30]} 12. e3
{[%clk 1:27:06]} Re8 {[%clk 1:20:58]} 13. Ne5 {[%clk 1:24:47]} Bd6
{[%clk 1:19:23]} 14. Nd3 {[%clk 1:24:57]} h5 {[%clk 1:18:36]} 15. h4
{[%clk 1:24:40]} Ng4 {[%clk 1:16:41]} 16. Nf4 {[%clk 1:23:18]} Bxf4
{[%clk 1:11:28]} 17. exf4 {[%clk 1:23:21]} Rxe1+ {[%clk 1:11:41]} 18. Qxe1
{[%clk 1:23:27]} Qb6 {[%clk 1:11:56]} 19. Qd2 {[%clk 1:23:30]} Re8
{[%clk 1:12:18]} 20. Bf3 {[%clk 1:22:19]} Nf6 {[%clk 1:09:53]} 21. Rd1
{[%clk 1:18:46]} Re7 {[%clk 0:52:44]} 22. b3 {[%clk 1:16:23]} Bg4
{[%clk 0:46:32]} 23. Bxg4 {[%clk 1:15:51]} Nxg4 {[%clk 0:46:35]} 24. Na4
{[%clk 1:15:53]} Qd8 {[%clk 0:43:57]} 25. Re1 {[%clk 1:15:47]} Rxe1+
{[%clk 0:42:53]} 26. Qxe1 {[%clk 1:16:06]} Qf6 {[%clk 0:43:08]} 27. Qd2
{[%clk 1:15:16]} Nh6 {[%clk 0:42:31]} 28. Nc5 {[%clk 1:15:12]} b6
{[%clk 0:39:58]} 29. Nd7 {[%clk 1:15:11]} Qe6 {[%clk 0:40:12]} 30. Ne5
{[%clk 1:15:04]} f6 {[%clk 0:39:57]} 31. Nf3 {[%clk 1:14:47]} Qe4
{[%clk 0:39:12]} 32. Ne1 {[%clk 1:11:03]} Nf5 {[%clk 0:37:19]} 33. Nc2
{[%clk 1:11:05]} c5 {[%clk 0:32:40]} 34. dxc5 {[%clk 1:11:17]} bxc5
{[%clk 0:33:05]} 35. Ne3 {[%clk 1:11:18]} Nd4 {[%clk 0:32:05]} 36. Qa5
{[%clk 1:10:43]} Nf3+ {[%clk 0:32:12]} 37. Kf1 {[%clk 1:09:13]} d4
{[%clk 0:32:23]} 38. Qd8+ {[%clk 1:08:55]} Kh7 {[%clk 0:32:37]} 39. Qd5
{[%clk 1:09:09]} Nd2+ {[%clk 0:28:29]} 40. Ke2 {[%clk 1:09:04]} dxe3
{[%clk 0:28:49]} 41. Qxh5+ {[%clk 1:07:48]} Kg8 {[%clk 0:29:17]} 42. fxe3
{[%clk 1:07:50]} Nb1 {[%clk 0:29:41]} 43. Qxc5 {[%clk 1:06:16]} f5
{[%clk 0:22:58]} 44. Qc4+ {[%clk 1:02:31]} Qxc4+ {[%clk 0:22:20]} 45. bxc4
{[%clk 1:02:50]} Nc3+ {[%clk 0:22:37]} 46. Kd3 {[%clk 1:03:12]} Nxa2
{[%clk 0:23:02]} 47. e4 {[%clk 1:02:17]} Nb4+ {[%clk 0:20:46]} 48. Kd4
{[%clk 0:57:39]} Nc6+ {[%clk 0:15:45]} 49. Ke3 {[%clk 0:55:44]} Ne7
{[%clk 0:14:08]} 50. c5 {[%clk 0:55:16]} Kf7 {[%clk 0:14:28]} 51. h5
{[%clk 0:52:13]} a5 {[%clk 0:12:55]} 52. Kd3 {[%clk 0:51:38]} Ke6
{[%clk 0:09:32]} 53. exf5+ {[%clk 0:50:08]} Kxf5 {[%clk 0:09:39]} 54. Kc4
{[%clk 0:50:27]} Kg4 {[%clk 0:09:24]} 55. h6 {[%clk 0:50:29]} gxh6
{[%clk 0:09:37]} 56. Kb5 {[%clk 0:50:42]} Kxg3 {[%clk 0:09:51]} 0-1

[Event "WCO2014"]
[Site "Tromso"]
[Date "2014.08.05"]
[Round "4.37"]
[WhiteID "12505269"]
[White "Golizadeh Asghar"]
[BlackID "12200239"]
[Black "Abdel Wahab Elkhatem"]
[Result "1/2-1/2"]
[LiveChessVersion "1.4.3"]
[BlackElo "2093"]
[WhiteElo "2490"]

1. e4 {[%clk 1:30:57]} c5 {[%clk 1:30:14]} 2. Nf3 {[%clk 1:31:20]} d6
{[%clk 1:30:26]} 3. d4 {[%clk 1:31:30]} cxd4 {[%clk 1:30:48]} 4. Nxd4
{[%clk 1:31:53]} Nf6 {[%clk 1:31:14]} 5. Nc3 {[%clk 1:32:16]} a6 {[%clk 1:31:39]}
6. g3 {[%clk 1:32:42]} g6 {[%clk 1:31:45]} 7. Bg2 {[%clk 1:33:04]} Bg7
{[%clk 1:32:06]} 8. O-O {[%clk 1:33:27]} O-O {[%clk 1:32:31]} 9. Re1
{[%clk 1:32:18]} Bg4 {[%clk 1:31:23]} 10. Qd2 {[%clk 1:32:23]} Qd7
{[%clk 1:31:12]} 11. Nd5 {[%clk 1:28:09]} Qd8 {[%clk 1:22:29]} 12. h3
{[%clk 1:22:19]} Bd7 {[%clk 1:22:39]} 13. c3 {[%clk 1:13:19]} Nc6
{[%clk 1:22:44]} 14. Ne2 {[%clk 1:13:00]} Rc8 {[%clk 1:19:49]} 15. Qd1
{[%clk 1:11:13]} Nxd5 {[%clk 1:14:24]} 16. exd5 {[%clk 1:11:34]} Ne5
{[%clk 1:14:40]} 17. Nd4 {[%clk 1:10:58]} Re8 {[%clk 1:11:25]} 18. Kh2
{[%clk 1:09:06]} Qa5 {[%clk 1:00:40]} 19. f4 {[%clk 0:54:20]} Nc4
{[%clk 1:00:51]} 20. Qd3 {[%clk 0:49:48]} Nb6 {[%clk 0:53:52]} 21. Re2
{[%clk 0:42:48]} Na4 {[%clk 0:44:33]} 22. Be3 {[%clk 0:39:15]} Nc5
{[%clk 0:36:03]} 23. Qd1 {[%clk 0:38:51]} Na4 {[%clk 0:32:27]} 24. Bg1
{[%clk 0:34:30]} h5 {[%clk 0:29:50]} 25. Qd2 {[%clk 0:33:40]} Nb6
{[%clk 0:27:32]} 26. Nb3 {[%clk 0:19:09]} Qb5 {[%clk 0:27:46]} 27. Rae1
{[%clk 0:19:13]} Nc4 {[%clk 0:24:54]} 28. Qd1 {[%clk 0:18:45]} Bf8
{[%clk 0:22:00]} 29. Nd4 {[%clk 0:18:41]} Qa5 {[%clk 0:21:48]} 30. b3
{[%clk 0:18:54]} Na3 {[%clk 0:21:12]} 31. Re3 {[%clk 0:14:15]} Nb5
{[%clk 0:17:55]} 32. c4 {[%clk 0:03:09]} Nxd4 {[%clk 0:17:48]} 33. Qxd4
{[%clk 0:03:37]} b5 {[%clk 0:15:30]} 34. cxb5 {[%clk 0:02:37]} axb5
{[%clk 0:15:28]} 35. R3e2 {[%clk 0:02:53]} Bg7 {[%clk 0:12:41]} 36. Qd1
{[%clk 0:01:57]} Bc3 {[%clk 0:11:55]} 37. Rf1 {[%clk 0:02:14]} b4
{[%clk 0:11:27]} 38. Be4 {[%clk 0:02:33]} f5 {[%clk 0:09:27]} 39. Bd3
{[%clk 0:02:39]} Bb5 {[%clk 0:08:53]} 40. Bxb5 {[%clk 0:01:16]} Qxb5
{[%clk 0:09:22]} 41. Re6 {[%clk 0:00:41]} Bf6 {[%clk 0:09:51]} 42. Rfe1
{[%clk 0:30:54]} Kf7 {[%clk 0:39:41]} 43. R1e2 {[%clk 0:27:39]} Rc3
{[%clk 0:38:38]} 44. Rd2 {[%clk 0:24:39]} Rec8 {[%clk 0:36:49]} 45. Qe1
{[%clk 0:18:06]} Rc2 {[%clk 0:29:26]} 46. Ree2 {[%clk 0:18:08]} Rc1
{[%clk 0:29:22]} 47. Qf2 {[%clk 0:18:31]} Bc3 {[%clk 0:27:55]} 48. Qe3
{[%clk 0:16:57]} Rc7 {[%clk 0:25:38]} 49. Qe6+ {[%clk 0:09:26]} Kg7
{[%clk 0:26:06]} 50. Bd4+ {[%clk 0:06:07]} Bxd4 {[%clk 0:26:34]} 51. Rxd4
{[%clk 0:06:32]} Qc5 {[%clk 0:25:52]} 52. Qe3 {[%clk 0:06:33]} Rc2
{[%clk 0:23:17]} 53. Rxc2 {[%clk 0:06:54]} Qxc2+ {[%clk 0:23:41]} 54. Rd2
{[%clk 0:07:21]} Qc1 {[%clk 0:19:49]} 55. Qd4+ {[%clk 0:07:16]} Kf7
{[%clk 0:19:55]} 56. Qf2 {[%clk 0:04:35]} Rc3 {[%clk 0:17:59]} 57. Qe2
{[%clk 0:04:47]} Kf8 {[%clk 0:18:12]} 58. h4 {[%clk 0:04:52]} Qb1
{[%clk 0:17:20]} 59. Rb2 {[%clk 0:03:48]} 1/2-1/2

[Event "WCO2014"]
[Site "Tromso"]
[Date "2014.08.05"]
[Round "4.5"]
[WhiteID "2205530"]
[White "Vallejo Pons Francisco"]
[BlackID "8600694"]
[Black "Zhang Zhong"]
[Result "1/2-1/2"]
[LiveChessVersion "1.4.3"]
[BlackElo "2611"]
[WhiteElo "2698"]

1. e4 {[%clk 1:30:56]} e5 {[%clk 1:30:24]} 2. Nf3 {[%clk 1:31:00]} Nc6
{[%clk 1:30:49]} 3. Bb5 {[%clk 1:29:45]} a6 {[%clk 1:30:50]} 4. Ba4
{[%clk 1:30:08]} Nf6 {[%clk 1:31:14]} 5. O-O {[%clk 1:30:18]} Be7
{[%clk 1:31:36]} 6. d3 {[%clk 1:28:53]} b5 {[%clk 1:31:27]} 7. Bb3
{[%clk 1:29:12]} d6 {[%clk 1:30:12]} 8. c3 {[%clk 1:28:50]} O-O {[%clk 1:25:16]}
9. Nbd2 {[%clk 1:28:16]} Na5 {[%clk 1:24:42]} 10. Bc2 {[%clk 1:28:18]} c5
{[%clk 1:25:07]} 11. Re1 {[%clk 1:27:27]} Nc6 {[%clk 1:25:00]} 12. Nf1
{[%clk 1:27:13]} h6 {[%clk 1:25:01]} 13. h3 {[%clk 1:10:01]} Re8 {[%clk 1:19:56]}
14. Ng3 {[%clk 0:57:04]} Be6 {[%clk 1:15:25]} 15. Bb3 {[%clk 0:51:40]} Bf8
{[%clk 1:11:44]} 16. d4 {[%clk 0:49:50]} cxd4 {[%clk 0:59:24]} 17. cxd4
{[%clk 0:48:26]} Bxb3 {[%clk 0:59:03]} 18. axb3 {[%clk 0:48:34]} d5
{[%clk 0:59:13]} 19. Nxe5 {[%clk 0:35:51]} Nxe5 {[%clk 0:55:21]} 20. dxe5
{[%clk 0:36:18]} Nxe4 {[%clk 0:54:56]} 21. Bf4 {[%clk 0:35:40]} Qh4
{[%clk 0:34:51]} 22. Qf3 {[%clk 0:20:49]} Ng5 {[%clk 0:25:41]} 23. Bxg5
{[%clk 0:19:05]} Qxg5 {[%clk 0:25:39]} 24. Nf5 {[%clk 0:17:03]} g6
{[%clk 0:17:11]} 25. Nd6 {[%clk 0:16:10]} Bxd6 {[%clk 0:17:31]} 26. exd6
{[%clk 0:16:30]} Red8 {[%clk 0:17:49]} 27. Re7 {[%clk 0:10:22]} Qf5
{[%clk 0:17:52]} 28. Qxf5 {[%clk 0:09:47]} gxf5 {[%clk 0:18:20]} 29. d7
{[%clk 0:09:22]} Kg7 {[%clk 0:18:33]} 30. Kf1 {[%clk 0:08:23]} Ra7
{[%clk 0:14:35]} 31. Re5 {[%clk 0:07:29]} Raxd7 {[%clk 0:11:01]} 32. Rxf5
{[%clk 0:06:35]} d4 {[%clk 0:11:26]} 33. Rxa6 {[%clk 0:05:33]} d3
{[%clk 0:08:54]} 34. Ra1 {[%clk 0:05:49]} Rc7 {[%clk 0:07:17]} 35. Rxb5
{[%clk 0:02:19]} Rc2 {[%clk 0:06:26]} 36. Rd1 {[%clk 0:02:02]} Rxb2
{[%clk 0:06:01]} 37. Rb4 {[%clk 0:01:37]} Rd6 {[%clk 0:03:46]} 38. Rg4+
{[%clk 0:01:24]} Kf6 {[%clk 0:01:43]} 39. Rg3 {[%clk 0:00:55]} Rxb3
{[%clk 0:01:28]} 40. Re3 {[%clk 0:01:23]} h5 {[%clk 0:01:04]} 41. g3 1/2-1/2

[Event "WCO2014"]
[Site "Tromso"]
[Date "2014.08.05"]
[Round "4.6"]
[WhiteID "5800706"]
[White "Goh Wei Ming Kevin"]
[BlackID "2257327"]
[Black "Salgado Lopez Ivan"]
[Result "0-1"]
[LiveChessVersion "1.4.3"]
[BlackElo "2620"]
[WhiteElo "2433"]

1. e4 {[%clk 1:30:55]} c5 {[%clk 1:30:52]} 2. Nf3 {[%clk 1:31:21]} Nc6
{[%clk 1:31:10]} 3. Bb5 {[%clk 1:31:39]} e6 {[%clk 1:31:32]} 4. O-O
{[%clk 1:31:44]} Nge7 {[%clk 1:31:50]} 5. d4 {[%clk 1:31:33]} cxd4
{[%clk 1:32:08]} 6. Nxd4 {[%clk 1:31:59]} Qb6 {[%clk 1:32:22]} 7. Nxc6
{[%clk 1:32:21]} bxc6 {[%clk 1:32:45]} 8. Bd3 {[%clk 1:32:42]} Ng6
{[%clk 1:33:05]} 9. c4 {[%clk 1:29:26]} Be7 {[%clk 1:32:57]} 10. Nc3
{[%clk 1:28:22]} O-O {[%clk 1:33:17]} 11. Qc2 {[%clk 1:27:34]} Qc7
{[%clk 1:32:56]} 12. Re1 {[%clk 1:18:47]} a6 {[%clk 1:32:33]} 13. Be3
{[%clk 1:16:20]} c5 {[%clk 1:32:48]} 14. g3 {[%clk 1:16:23]} Ne5 {[%clk 1:31:14]}
15. Be2 {[%clk 1:11:29]} Bb7 {[%clk 1:31:30]} 16. Rad1 {[%clk 1:09:38]} Rad8
{[%clk 1:21:26]} 17. Kg2 {[%clk 0:59:50]} Nc6 {[%clk 1:11:30]} 18. f4
{[%clk 0:56:05]} d6 {[%clk 1:09:31]} 19. Bf3 {[%clk 0:48:18]} Nd4
{[%clk 1:07:00]} 20. Bxd4 {[%clk 0:47:26]} cxd4 {[%clk 1:07:22]} 21. Rxd4
{[%clk 0:47:47]} Bf6 {[%clk 1:07:27]} 22. Rd3 {[%clk 0:48:04]} Qxc4
{[%clk 1:07:35]} 23. Qd2 {[%clk 0:48:20]} Be7 {[%clk 1:04:31]} 24. Rc1
{[%clk 0:45:45]} Qb4 {[%clk 1:03:42]} 25. a3 {[%clk 0:32:21]} Qb6
{[%clk 0:56:25]} 26. Na4 {[%clk 0:25:47]} Qb5 {[%clk 0:55:27]} 27. Rc7
{[%clk 0:24:23]} Rfe8 {[%clk 0:49:19]} 28. Rd4 {[%clk 0:22:00]} Ba8
{[%clk 0:46:27]} 29. Rb4 {[%clk 0:12:30]} Qa5 {[%clk 0:46:40]} 30. Qc3
{[%clk 0:12:37]} d5 {[%clk 0:34:56]} 31. Rxe7 {[%clk 0:11:45]} Rxe7
{[%clk 0:35:15]} 32. Rb8 {[%clk 0:11:48]} dxe4 {[%clk 0:35:26]} 33. Qxa5
{[%clk 0:09:55]} exf3+ {[%clk 0:35:36]} 34. Kf2 {[%clk 0:10:11]} Rxb8
{[%clk 0:35:56]} 35. Nb6 {[%clk 0:10:32]} Reb7 {[%clk 0:31:40]} 36. Nc4
{[%clk 0:06:35]} Rb5 {[%clk 0:30:43]} 37. Qxa6 {[%clk 0:04:12]} Bd5
{[%clk 0:30:48]} 38. Qa4 {[%clk 0:03:22]} Rb3 {[%clk 0:29:02]} 39. h3
{[%clk 0:01:13]} h5 {[%clk 0:25:40]} 40. g4 {[%clk 0:00:32]} h4 {[%clk 0:25:40]}
0-1

[Event "WCO2014"]
[Site "Tromso"]
[Date "2014.08.05"]
[Round "4.7"]
[WhiteID "2200015"]
[White "Illescas Cordoba Miguel"]
[BlackID "8602425"]
[Black "Gong Qianyun"]
[Result "1/2-1/2"]
[LiveChessVersion "1.4.3"]
[BlackElo "2328"]
[WhiteElo "2618"]

1. d4 {[%clk 1:30:55]} Nf6 {[%clk 1:30:50]} 2. c4 {[%clk 1:31:21]} e6
{[%clk 1:31:12]} 3. Nc3 {[%clk 1:31:32]} Bb4 {[%clk 1:31:35]} 4. Nf3
{[%clk 1:31:49]} b6 {[%clk 1:30:01]} 5. e3 {[%clk 1:29:08]} Bb7 {[%clk 1:27:23]}
6. Bd3 {[%clk 1:29:31]} O-O {[%clk 1:27:20]} 7. O-O {[%clk 1:29:56]} d5
{[%clk 1:26:05]} 8. cxd5 {[%clk 1:30:08]} exd5 {[%clk 1:23:53]} 9. Qc2
{[%clk 1:29:42]} Nbd7 {[%clk 1:17:58]} 10. a3 {[%clk 1:29:33]} Bxc3
{[%clk 1:13:01]} 11. bxc3 {[%clk 1:27:59]} c5 {[%clk 1:13:04]} 12. Nd2
{[%clk 1:25:32]} Re8 {[%clk 1:11:12]} 13. Rd1 {[%clk 1:08:01]} Rc8
{[%clk 1:06:52]} 14. Qb1 {[%clk 1:08:06]} cxd4 {[%clk 1:04:39]} 15. cxd4
{[%clk 1:08:28]} Ne4 {[%clk 1:04:56]} 16. Bb2 {[%clk 1:00:43]} Qh4
{[%clk 1:00:37]} 17. Nxe4 {[%clk 0:57:50]} dxe4 {[%clk 1:00:59]} 18. Bb5
{[%clk 0:57:49]} Nf6 {[%clk 0:47:54]} 19. h3 {[%clk 0:58:12]} Red8
{[%clk 0:47:59]} 20. d5 {[%clk 0:51:27]} Nxd5 {[%clk 0:42:22]} 21. Rc1
{[%clk 0:47:22]} Nc7 {[%clk 0:22:21]} 22. Be5 {[%clk 0:40:56]} Nxb5
{[%clk 0:21:43]} 23. Qxb5 {[%clk 0:41:08]} Qe7 {[%clk 0:20:59]} 24. Rxc8
{[%clk 0:22:44]} Rxc8 {[%clk 0:20:10]} 25. Rd1 {[%clk 0:21:55]} Rd8
{[%clk 0:19:10]} 26. Rxd8+ {[%clk 0:20:28]} Qxd8 {[%clk 0:19:37]} 27. a4
{[%clk 0:20:47]} f6 {[%clk 0:17:51]} 28. Bc7 {[%clk 0:18:24]} Qa8
{[%clk 0:12:02]} 29. Bd6 {[%clk 0:15:22]} h6 {[%clk 0:11:19]} 30. Qd7
{[%clk 0:12:26]} Qc8 {[%clk 0:11:09]} 31. Qe7 {[%clk 0:12:46]} Bc6
{[%clk 0:09:10]} 32. Qxa7 {[%clk 0:12:42]} Qd7 {[%clk 0:09:34]} 33. Qb8+
{[%clk 0:08:39]} Kh7 {[%clk 0:09:16]} 34. Bc7 {[%clk 0:07:28]} Bxa4
{[%clk 0:09:37]} 35. Qxb6 {[%clk 0:06:18]} Qc6 {[%clk 0:09:42]} 36. Qa7
{[%clk 0:05:53]} Bb5 {[%clk 0:09:22]} 37. Kh2 {[%clk 0:04:26]} 1/2-1/2

[Event "WCO2014"]
[Site "Tromso"]
[Date "2014.08.05"]
[Round "4.8"]
[WhiteID "5804418"]
[White "Tin Jingyao"]
[BlackID "3503054"]
[Black "Vazquez Igarza Renier"]
[Result "1/2-1/2"]
[LiveChessVersion "1.4.3"]
[BlackElo "2603"]
[WhiteElo "2251"]

1. d4 {[%clk 1:30:47]} Nf6 {[%clk 1:30:52]} 2. c4 {[%clk 1:31:10]} e6
{[%clk 1:31:15]} 3. Nf3 {[%clk 1:31:22]} b6 {[%clk 1:31:24]} 4. Nc3
{[%clk 1:31:26]} Bb4 {[%clk 1:31:27]} 5. Qc2 {[%clk 1:31:07]} Bb7
{[%clk 1:31:25]} 6. a3 {[%clk 1:30:09]} Bxc3+ {[%clk 1:31:26]} 7. Qxc3
{[%clk 1:30:28]} d6 {[%clk 1:31:27]} 8. g3 {[%clk 1:29:48]} Nbd7 {[%clk 1:29:14]}
9. Bg2 {[%clk 1:29:57]} O-O {[%clk 1:29:17]} 10. O-O {[%clk 1:30:14]} Be4
{[%clk 1:24:01]} 11. b4 {[%clk 1:28:44]} Qc8 {[%clk 1:21:59]} 12. Bb2
{[%clk 1:28:27]} Qb7 {[%clk 1:20:06]} 13. Rfe1 {[%clk 1:27:13]} c6
{[%clk 1:16:03]} 14. Bf1 {[%clk 1:24:13]} d5 {[%clk 1:15:13]} 15. Nd2
{[%clk 1:22:19]} Bg6 {[%clk 1:15:28]} 16. Bg2 {[%clk 1:19:19]} Rac8
{[%clk 1:12:11]} 17. e4 {[%clk 1:13:50]} dxe4 {[%clk 1:09:23]} 18. Nxe4
{[%clk 1:13:41]} Bxe4 {[%clk 1:06:50]} 19. Bxe4 {[%clk 1:13:20]} b5
{[%clk 1:00:40]} 20. Bg2 {[%clk 1:02:38]} bxc4 {[%clk 0:59:47]} 21. Qxc4
{[%clk 1:02:15]} Nd5 {[%clk 0:59:29]} 22. Qc2 {[%clk 0:51:06]} Rfd8
{[%clk 0:58:10]} 23. Rac1 {[%clk 0:50:24]} h6 {[%clk 0:56:57]} 24. Re2
{[%clk 0:49:12]} Qb5 {[%clk 0:54:39]} 25. Bf1 {[%clk 0:48:26]} Qb6
{[%clk 0:54:18]} 26. Qa4 {[%clk 0:47:45]} Qb5 {[%clk 0:49:31]} 27. Qb3
{[%clk 0:42:07]} Qb7 {[%clk 0:47:24]} 28. Qd3 {[%clk 0:39:01]} Ra8
{[%clk 0:42:47]} 29. Rec2 {[%clk 0:35:54]} a5 {[%clk 0:42:25]} 30. bxa5
{[%clk 0:34:58]} Rxa5 {[%clk 0:41:05]} 31. Qd2 {[%clk 0:35:11]} Raa8
{[%clk 0:38:47]} 32. Rxc6 {[%clk 0:34:32]} N7b6 {[%clk 0:37:31]} 33. Qc2
{[%clk 0:31:47]} Na4 {[%clk 0:34:33]} 34. Ba1 {[%clk 0:31:32]} Nab6
{[%clk 0:33:35]} 35. Qb3 {[%clk 0:24:39]} Qa7 {[%clk 0:33:17]} 36. Rb1
{[%clk 0:20:40]} Rdb8 {[%clk 0:31:06]} 37. Rc5 {[%clk 0:16:59]} Qxa3
{[%clk 0:26:29]} 38. Qxa3 {[%clk 0:16:27]} Rxa3 {[%clk 0:26:51]} 39. Rcb5
{[%clk 0:16:49]} Rc8 {[%clk 0:24:37]} 40. Bb2 {[%clk 0:16:30]} Ra2
{[%clk 0:15:34]} 41. Rc1 {[%clk 0:13:26]} Rxc1 {[%clk 0:13:59]} 42. Bxc1
{[%clk 0:13:55]} Ra1 {[%clk 0:12:06]} 43. Rc5 {[%clk 0:11:07]} Ra4
{[%clk 0:11:10]} 44. Be3 {[%clk 0:09:27]} g5 {[%clk 0:10:18]} 45. h4
{[%clk 0:05:44]} gxh4 {[%clk 0:07:29]} 46. gxh4 {[%clk 0:05:57]} Kg7
{[%clk 0:05:15]} 47. Bg2 {[%clk 0:04:12]} Nxe3 {[%clk 0:02:21]} 48. fxe3
{[%clk 0:04:41]} Nc4 {[%clk 0:00:33]} 49. Bc6 {[%clk 0:04:45]} 1/2-1/2

[Event "WCO2014"]
[Site "Tromso"]
[Date "2014.08.05"]
[Round "4.36"]
[WhiteID "6500170"]
[White "Gonzalez Acosta Bernal"]
[BlackID "13300474"]
[Black "Aronian Levon"]
[Result "0-1"]
[LiveChessVersion "1.4.3"]
[BlackElo "2805"]
[WhiteElo "2469"]

1. d4 {[%clk 1:30:51]} d6 {[%clk 1:30:50]} 2. Nf3 {[%clk 1:25:53]} g6
{[%clk 1:30:52]} 3. g3 {[%clk 1:24:14]} Bg7 {[%clk 1:31:15]} 4. Bg2
{[%clk 1:24:41]} Nd7 {[%clk 1:31:33]} 5. O-O {[%clk 1:23:16]} e5 {[%clk 1:31:03]}
6. c4 {[%clk 1:22:04]} Ne7 {[%clk 1:30:58]} 7. Nc3 {[%clk 1:20:45]} O-O
{[%clk 1:31:17]} 8. Rb1 {[%clk 1:17:09]} h6 {[%clk 1:29:18]} 9. e4
{[%clk 1:14:58]} Nb6 {[%clk 1:23:32]} 10. b3 {[%clk 1:10:14]} Bg4
{[%clk 1:23:48]} 11. dxe5 {[%clk 1:09:06]} Nc6 {[%clk 1:21:50]} 12. h3
{[%clk 0:57:33]} Bxf3 {[%clk 1:22:07]} 13. Bxf3 {[%clk 0:58:01]} h5
{[%clk 1:21:02]} 14. h4 {[%clk 0:53:12]} dxe5 {[%clk 1:18:29]} 15. Qxd8
{[%clk 0:49:27]} Rfxd8 {[%clk 1:17:40]} 16. Be3 {[%clk 0:40:08]} Nd4
{[%clk 1:18:03]} 17. Kg2 {[%clk 0:40:13]} Nc2 {[%clk 1:18:03]} 18. Rfd1
{[%clk 0:38:11]} Nxe3+ {[%clk 1:18:12]} 19. fxe3 {[%clk 0:38:38]} Nd7
{[%clk 1:12:04]} 20. g4 {[%clk 0:37:50]} hxg4 {[%clk 1:12:15]} 21. Bxg4
{[%clk 0:38:18]} Nf6 {[%clk 1:12:07]} 22. Bh3 {[%clk 0:34:25]} c6
{[%clk 1:12:00]} 23. Kf3 {[%clk 0:34:49]} Bf8 {[%clk 1:10:55]} 24. Rxd8
{[%clk 0:34:27]} Rxd8 {[%clk 1:11:15]} 25. Rd1 {[%clk 0:34:55]} Ra8
{[%clk 1:10:12]} 26. Ne2 {[%clk 0:33:50]} Ba3 {[%clk 1:08:19]} 27. Ng3
{[%clk 0:30:17]} a5 {[%clk 1:08:14]} 28. Nh1 {[%clk 0:30:10]} Kg7
{[%clk 1:07:04]} 29. Ng3 {[%clk 0:25:45]} Rh8 {[%clk 1:05:39]} 30. h5
{[%clk 0:25:43]} Nxh5 {[%clk 1:05:24]} 31. Nxh5+ {[%clk 0:25:32]} Rxh5
{[%clk 1:05:46]} 32. Bg4 {[%clk 0:22:09]} Rh2 {[%clk 1:04:08]} 33. Rd7
{[%clk 0:22:35]} b6 {[%clk 1:04:05]} 34. Kg3 {[%clk 0:17:47]} Rh1
{[%clk 1:01:01]} 35. Kg2 {[%clk 0:16:19]} Rh8 {[%clk 0:57:04]} 36. Rc7
{[%clk 0:16:43]} Kf6 {[%clk 0:51:28]} 37. Rxc6+ {[%clk 0:15:33]} Kg5
{[%clk 0:51:40]} 38. Rc8 {[%clk 0:15:27]} Rh4 {[%clk 0:51:50]} 39. Bf3
{[%clk 0:15:24]} Bc5 {[%clk 0:52:13]} 40. Rc7 {[%clk 0:11:08]} f5
{[%clk 0:46:54]} 41. exf5 {[%clk 0:11:25]} e4 {[%clk 0:47:18]} 42. Be2
{[%clk 0:08:22]} gxf5 {[%clk 0:47:24]} 43. Rg7+ {[%clk 0:07:59]} Kf6
{[%clk 0:47:46]} 44. Rg3 {[%clk 0:08:20]} Rh8 {[%clk 0:46:52]} 0-1